Labor Market Institutions and Unemployment Dynamics in Transition Economies /

This paper studies interactions between labor market institutions and unemployment dynamics in transition economies. It presents a dynamic matching model in which state sector firms endogenously shed labor and private job creation takes time. Two main conclusions arises. First, higher unemployment b...

תיאור מלא

מידע ביבליוגרפי
מחבר ראשי: Garibaldi, Pietro
מחברים אחרים: Brixiova, Zuzana
פורמט: כתב-עת
שפה:English
יצא לאור: Washington, D.C. : International Monetary Fund, 1997.
סדרה:IMF Working Papers; Working Paper ; No. 1997/137
גישה מקוונת:Full text available on IMF
LEADER 01828cas a2200253 a 4500
001 AALejournalIMF000469
008 230101c9999 xx r poo 0 0eng d
020 |c 5.00 USD 
020 |z 9781451930566 
022 |a 1018-5941 
040 |a BD-DhAAL  |c BD-DhAAL 
100 1 |a Garibaldi, Pietro. 
245 1 0 |a Labor Market Institutions and Unemployment Dynamics in Transition Economies /  |c Pietro Garibaldi, Zuzana Brixiova. 
264 1 |a Washington, D.C. :  |b International Monetary Fund,  |c 1997. 
300 |a 1 online resource (46 pages) 
490 1 |a IMF Working Papers 
500 |a <strong>Off-Campus Access:</strong> No User ID or Password Required 
500 |a <strong>On-Campus Access:</strong> No User ID or Password Required 
506 |a Electronic access restricted to authorized BRAC University faculty, staff and students 
520 3 |a This paper studies interactions between labor market institutions and unemployment dynamics in transition economies. It presents a dynamic matching model in which state sector firms endogenously shed labor and private job creation takes time. Two main conclusions arises. First, higher unemployment benefits increase steady-state unemployment, and, during the transition, they reduce the fall in real wages and speed up closure of state enterprises. Second, higher minimum wages can theoretically speed up the elimination of state sector jobs without affecting steady-state unemployment. These results are broadly consistent with existing evidence on the dynamics of unemployment and real wages in transition economies. 
538 |a Mode of access: Internet 
700 1 |a Brixiova, Zuzana. 
830 0 |a IMF Working Papers; Working Paper ;  |v No. 1997/137 
856 4 0 |z Full text available on IMF  |u http://elibrary.imf.org/view/journals/001/1997/137/001.1997.issue-137-en.xml  |z IMF e-Library